00494nam a2200193Ia 4500003000400000005001700004008004100021020001800062040000700080041000800087082001900095100001900114245006900133250000600202260003900208300001800247365001300265650002200278OSt20230316113650.0210423s2011 xx 000 0 und d a9788126510467 cAL aeng a547 bMARJ223 aMARCH (Jerry). aAdvanced organic chemistry: reactions mechanisms and structure . a6 aNew DelhibJohn Wiley & Sonsc2011 axiii,1495bPB b479cINR aOrganic Chemistry